01301nas a2200265Ia 4500001001100000003000900011008004100020040001300061040001300074041001300087100004900100210003900149222003900188245008100227250001100308260004800319501008600367300001700453362002600470500026000496650003800756942000700794999001900801952021500820R950/97474IT-RoPAU151124c99999999xx |||||||||||| ||und|| aIT-RoPAU cIT-RoPAU aITALIANO aVenturi GianfrancogCodice Aut. SPICS: 23189 aVITA IN CRISTO E NELLA CHIESA (LA) aVita In Cristo E Nella Chiesa (La) aVITA IN CRISTO E NELLA CHIESA (LA), ANNO 37-N.10 (1988)bSposarsi In Chiesa? a1a ed. aROMAbPIE DISCEPOLE DEL DIVIN MAESTROc1988 bPaulus - SPICS - Società San Paolo EM (non-commercial uses only)cCopyright2015 a8 p. [15-22] aANNO 037, N.10 (1988) aMatrimonio Cristiano. Celebrazione dell'Amore Nuziale. Celebrazione della Nuova Alleanza Segno dell'Amore tra Cristo e la Chiesa. Rito Cristiano Delle Nozze. Celebrazione Ecclesiale. Celebrazione Festiva. Celebrazione Eucaristica. Celebrazione Profetica.  aLITURGIAvPUBBLICAZIONE PERIODICA cCR c163040d163040 0010406R_950_97474000000000071aSPICSbSPICSd2015-11-25l0oR950/97474r2015-11-25 00:00:00w2015-11-25yCRzProgr. Ins: 98094 / Copia rara: NO / date import: 25.11.2015 / By Epidotti, Trombetti, Vaglietti